The world banks role in the electric power sector (Record no. 541905)

000 -LEADER
fixed length control field 00381nam a22001337a 4500
020 ## - INTERNATIONAL STANDARD BOOK NUMBER
International Standard Book Number 0821323180
082 ## - DEWEY DECIMAL CLASSIFICATION NUMBER
Classification number 333.79323091724
Author Mark WOR
-- D
245 ## - TITLE STATEMENT
Title The world banks role in the electric power sector
Statement of responsibility, etc. WOR
260 ## - PUBLICATION, DISTRIBUTION, ETC.
Place of publication, distribution, etc. Washington
Name of publisher, distributor, etc. The world bank
Date of publication, distribution, etc. 1993
300 ## - PHYSICAL DESCRIPTION
Extent 84 p. :
Other physical details ill, ;
Dimensions 20 cm.
526 ## - STUDY PROGRAM INFORMATION NOTE
Program name 0
Interest level 0
Reading level 0
Title point value 333_793230917240000_WOR
650 ## - SUBJECT ADDED ENTRY--TOPICAL TERM
Topical term or geographic name entry element D
9 (RLIN) 6527
942 ## - ADDED ENTRY ELEMENTS (KOHA)
Source of classification or shelving scheme
Koha item type Book
Holdings
Withdrawn status Lost status Source of classification or shelving scheme Damaged status Not for loan Permanent Location Current Location Date acquired Total Checkouts Full call number Barcode Date last seen Copy number Price effective from Koha item type
          Military College of Engineering (MCE) Military College of Engineering (MCE) 09/10/2013   333.79323091724 WOR MCE-43043 09/10/2013 1 09/10/2013 Book
© 2023 Central Library, National University of Sciences and Technology. All Rights Reserved.